Loading...
| History - American | 2 | 3 | 2 | 1 | 50 | 47 | 86.40 | 2 | 2 | 12.64 | 25.00 |
| History - European | 1 | 4 | 2 | 0 | 45 | 48 | 82.00 | 3 | 5 | 14.49 | 35.64 |
| History - World | 2 | 3 | 3 | 1 | 45 | 26 | 64.80 | 2 | 3 | 19.72 | 33.80 |
| Literature - World | 1 | 2 | 0 | 1 | 35 | 50 | 110.33 | 0 | 1 | 5.30 | 8.97 |
| History - Other | 1 | 2 | 0 | 0 | 35 | 74 | 85.67 | 0 | 3 | 22.31 | 48.67 |
| Beliefs | 0 | 3 | 0 | 0 | 30 | 84 | 95.00 | 0 | 1 | 4.32 | 8.22 |
| Social Science | 0 | 3 | 1 | 0 | 25 | 83 | 107.67 | 1 | 1 | 2.33 | 7.85 |
| History - Ancient | 0 | 2 | 0 | 0 | 20 | 105 | 107.50 | 0 | 0 | 5.16 | 10.23 |
| Modern World | 1 | 0 | 0 | 0 | 15 | 70 | 70.00 | 0 | 1 | 8.80 | 16.67 |
| Fine Arts - Other Arts | 0 | 1 | 0 | 0 | 10 | 143 | 143.00 | 0 | 0 | 0.05 | 1.28 |
| Literature - European | 0 | 1 | 0 | 1 | 10 | 138 | 138.00 | 0 | 0 | 0.06 | 2.80 |
| Fine Arts - Classical Music and Opera | 0 | 1 | 0 | 0 | 10 | 133 | 133.00 | 0 | 0 | 0.49 | 1.54 |
| Science - Biology | 0 | 1 | 1 | 0 | 5 | 106 | 106.00 | 0 | 0 | 0.07 | 1.28 |
| Literature - British | 0 | 0 | 0 | 0 | 0 | 0.00 | 0 | 0 | 0.00 | 0.00 | |
| Geography | 0 | 0 | 1 | 0 | -5 | 0.00 | 0 | 0 | 0.00 | 0.00 | |
| Literature - American | 0 | 0 | 1 | 0 | -5 | 0.00 | 0 | 0 | 0.00 | 0.00 |